000 01065nam a22003017a 4500
003 CHAP
005 20220329133605.0
008 971013s1993 r 00010 d
010 _a8270
011 _a9242
035 _a8476
040 _cCHAP
090 _aTesis
100 0 0 _aAlvarez Negrete, Yesenia.
_94952
245 _aEstudio epidemiológico de la roya amarilla de la cebada Puccinia striiformis f. sp. hordei. ; en Texcoco, Méx.
260 _aChapingo, Méx. :
_bEl Autor,
_c1993
300 _a71 h.
_b: ilus. ; gráfs
502 _aTesis (M.C. en Protección Vegetal) -- UACH. Departamento de Parasitología Agrícola. Coordinación de Estudios de Postgrado
590 _aALEPH
_b10
_c20130110
_lUCH01
_h1222
590 _aBATCH-UPD
_b10
_c20130110
_lUCH01
_h1855
590 _aCONVERSION
_b10
_c20130109
_lUCH01
_h1306
650 1 4 _aCebada
_xEnfermedades.
_920674
650 1 4 _aPuccinia striiformis.
_992831
901 _aBK
942 _cFOLL
949 _bBC
_cTES
_d-18678
_eTS1
_h26322
_i8476
_si
949 _bBC
_cTES
_d-18679
_eTS2
_fc.2
_h26323
_i8476
_si
999 _c8270
_d8270